Puertas adentro: la inmigración discriminada, ayer y hoy /

Guardado en:
Autor Principal: Cohen, Néstor; comp.
Otros Autores: Carballude, Ana María, Malegaríe, Jessica, Pérez, Fernando, Santamaría, Roxana
Formato: Libro
Publicado: Buenos Aires : Facultad de Ciencias Sociales. Universidad de Buenos Aires, 2004
Materias:
Etiquetas: Agregar Etiqueta
Sin Etiquetas, Sea el primero en etiquetar este registro!
LEADER 00986nam a22002655a 4500
001 CEM.cems014042
008 130507s2004##################000#0#####d
005 20210705174815.0
003 CEMS
245 1 0 |a Puertas adentro: la inmigración discriminada, ayer y hoy /  |c Néstor Cohen Compilador; ana María Carballude, Jessica Malegaríe, Fernando Pérez y Roxana Santamaría 
260 |a Buenos Aires :  |b Facultad de Ciencias Sociales. Universidad de Buenos Aires,  |c 2004 
300 |a 90 p. 
500 |a Publicado en Documentos de Trabajo Número 36 del Instituto de Investigaciones Gino Germani. 
590 |a 1141.013 
100 1 |a Cohen, Néstor; comp. 
700 1 |a Carballude, Ana María 
700 1 |a Malegaríe, Jessica 
700 1 |a Pérez, Fernando 
700 1 |a Santamaría, Roxana 
653 |a Discriminación 
653 |a Racismo 
653 |a Derechos humanos 
653 |a Inmigración 
653 |a Biblioteca TC 
859 |a CEMS  |b BIB. CEMS - 11 de abril  |h TC  |p 1141.013  |t Ej.1